000 00382nam a2200109Ia 4500
008 160909s9999 xx 000 0 und d
100 _aAlvarado, Susy
245 2 _aA trauma informed parenting support group: A grant proposal
260 _bCalifornia State University
_c2016
650 _aHUMAN RESOURCE MANAGEMENT
856 _uhttp://pqdtopen.proquest.com/doc/1749747678.html?FMT=ABS
999 _c304672
_d304672